000
00322nam a2200133Ia 4500
005
20250603145424.0
008
250603s9999 xx 000 0 und d
050
_a
AE 5.N64/
245
0
_a
New standard encyclopedia
260
_a
Chicago
260
_b
Standard educational corporation
650
_a
Chicago
942
_c
BK
999
_c
41810
_d
41810